| 000 | 00856nam a2200241 i 4500 | ||
|---|---|---|---|
| 001 | 26032 | ||
| 003 | ES-MaACL | ||
| 005 | 20260115063025.0 | ||
| 007 | t| | ||
| 008 | 030107s1971 sp ||||1| spa d | ||
| 100 | 1 |
_aArendt, Hannah, _d1906-1975 _9242687 |
|
| 245 | 1 | 0 |
_aWalter Benjamin ; Bertol Bretch ; Hermann Broch ; Rosa Luxemburgo / _cHannah Arendt ; [traducción Luis Izquierdo, José Cano Tembleque]. |
| 260 |
_aBarcelona : _bAnagrama, _c[1971] |
||
| 300 |
_a198 p. ; _c19 cm. |
||
| 600 | 1 | 4 |
_aBenjamin, Walter, _d1892-1940 _9241507 |
| 600 | 1 | 4 |
_aBrecht, Bertolt, _d1898-1956 _931544 |
| 600 | 1 | 4 |
_aBroch, Hermann, _d1886-1951 _931828 |
| 600 | 1 | 4 |
_aLuxemburg, Rosa, _d1870-1919 _974894 |
| 700 | 1 |
_aIzquierdo, Luis. _965710 |
|
| 700 | 1 |
_aCano Tembleque, José. _934572 |
|
| 852 |
_aES-MaACL _jC-45323 _bR.79334 |
||
| 999 |
_c26032 _d26032 |
||